| 000 | 00541nam a2200181Ia 4500 | ||
|---|---|---|---|
| 003 | OSt | ||
| 005 | 20260202162256.0 | ||
| 008 | 210210b1945 xxu||||| |||| 00| 0 eng d | ||
| 040 | _cAL | ||
| 041 | _aKannada | ||
| 082 | _a852/663 | ||
| 100 |
_aJAYANTI PRAKASHANA SAMITI _991579 _dಜಯಂತಿ ಪ್ರಕಾಶನ ಸಮಿತಿ |
||
| 245 |
_aKarnataka ekikarana _bಕರ್ಣಾಟಕ ಏಕೀಕರಣ |
||
| 260 |
_aDharavada _bJayanti Prakashana _c1945 |
||
| 690 |
_aKannada Prose _991580 |
||
| 906 | _a019228 | ||
| 942 |
_2ddc _cBK |
||
| 999 |
_c143351 _d143351 |
||